000 00835nss a2200241 a 4500
003 AR-BaBNM
005 20251128211553.0
008 064120s2002 ||||||||||||||000 | spa||
040 _cAR-BaBNM
245 1 0 _aDesarmar... para armar
_bpropuestas innovadoras para la educación inicial
246 2 _a0 a 5
_bla educación en los primeros años
260 _aBuenos Aires
_bEdiciones Novedades Educativas
_c2002
300 _a91 p.
_bil., tabls.
362 1 _aAño 1, no. 1-
500 _aContiene secuencias de actividades y proyectos realizados en jardines dependientes de la Secretaría de Educación del Gobierno de la Ciudad de Buenos Aires
650 4 _aPRAXIS EDUCATIVA
650 4 _aJUEGO
650 4 _aPROYECTOS
653 _aEDUCACION INICIAL
653 _aCONOCIMIENTO PEDAGOGICO
942 _cCR
998 _craquel
999 _c20231
_d20231